| 000 | 01733cam a22003495a 4500 | ||
|---|---|---|---|
| 999 |
_c7418 _d7418 |
||
| 003 | EG-ScBUE | ||
| 005 | 20200119145041.0 | ||
| 008 | 110124s1953 ua f b 001 0 ara d | ||
| 040 |
_aEG-ScBUE _bara _erda _cEG-ScBUE _dEG-ScBUE |
||
| 041 | 1 |
_aara _hgrc |
|
| 082 | 0 | 4 |
_a808.1 _bأ ر س _222 |
| 100 | 0 |
_aأرسطو، _d384-322 ق.م.، _eمؤلف. |
|
| 245 | 1 | 0 |
_aفن الشعر : _bمع الترجمة العربية القديمة وشروح الفارابي وابن سينا وابن رشد / _cأرسطوطاليس ؛ ترجمه عن اليونانية وشرحه وحقق نصوصه عبد الرحمن بدوي. |
| 264 | 1 |
_aالقاهرة : _bمكتبة النهضة المصرية، _c1953. |
|
| 300 |
_a261 صفحة ؛ _c24 سم. |
||
| 336 |
_2rdacontent _aنص _btxt |
||
| 337 |
_2rdamedia _aبدون وسيط _bn |
||
| 338 |
_2rdacarrier _aمجلد _bnc |
||
| 490 | 0 | _aدراسات إسلامية | |
| 500 | _aيشتمل على كشافات. | ||
| 504 | _aيشتمل على إرجاعات ببليوجرافية. | ||
| 546 | _aالنص باللغة العربية وتم ترجمته من اللغة اليونانية. | ||
| 590 | _aAbdullah Samir | ||
| 600 | 1 | 7 |
_aالفارابي، محمد بن محمد، _d260-339 هـ.. _2BUEsh |
| 600 | 1 | 7 |
_aابن سينا، الحسين بن عبد الله بن سينا، _cالرئيس، _d370-428 هـ. _2BUEsh |
| 600 | 1 | 7 |
_aابن رشد، محمد بن أحمد بن محمد (الحفيد)، _d520-595 هـ. _2BUEsh |
| 650 | 7 |
_aالشعر _xتاريخ ونقد. _2BUEsh _915413 |
|
| 653 |
_bARALIT _bGGEN _cNovember2017 |
||
| 655 | _vReading book | ||
| 700 | 1 |
_aبدوي، عبد الرحمن، _d1917-2002، _eمترجم، _eشارح. _922188 |
|
| 942 |
_cBB _2ddc |
||